Beamtenstaat und Volksstaat [különlenyomat] /

Elmentve itt :
Bibliográfiai részletek
Szerző: Fleiner Fritz
Dokumentumtípus: Cikk
Megjelent: 1916
Sorozat:Kolligátum
Kulcsszavak:Államjog
Online Access:http://misc.bibl.u-szeged.hu/23455
LEADER 00533nab a2200169 i 4500
001 misc23455
005 20191108150418.0
008 170802s1916 hu o 0|| zxx d
040 |a SZTE Miscellanea Repozitórium  |b hun 
041 |a zxx 
100 1 |a Fleiner Fritz 
245 1 0 |a Beamtenstaat und Volksstaat   |h [elektronikus dokumentum] :  |b [különlenyomat] /  |c  Fleiner Fritz 
260 |c 1916 
300 |a 27-57 
490 0 |a Kolligátum 
695 |a Államjog 
856 4 0 |u http://misc.bibl.u-szeged.hu/23455/1/87588_027-057.pdf  |z Dokumentum-elérés